PELÉ : MY LIFE IN PICTURES / (Record no. 171495)

MARC details
000 -LEADER
fixed length control field 00848nam a22002657a 4500
003 - CONTROL NUMBER IDENTIFIER
control field OSt
005 - DATE AND TIME OF LATEST TRANSACTION
control field 20190307165219.0
008 - FIXED-LENGTH DATA ELEMENTS--GENERAL INFORMATION
fixed length control field 190307s2008 enko|||g s||| 00| 0 eng d
020 ## - INTERNATIONAL STANDARD BOOK NUMBER
International Standard Book Number 9781847372697
Terms of availability RM 53.90
Qualifying information hardback.
040 ## - CATALOGING SOURCE
Original cataloging agency PPAK
Language of cataloging eng
Transcribing agency PPAK
Description conventions rda
082 04 - DEWEY DECIMAL CLASSIFICATION NUMBER
Edition number 23
Classification number 796.334092
090 ## - LOCALLY ASSIGNED LC-TYPE CALL NUMBER (OCLC); LOCAL CALL NUMBER (RLIN)
Classification number (OCLC) (R) ; Classification number, CALL (RLIN) (NR) 796.334092
Feature heading PEL
Feature heading R
100 0# - MAIN ENTRY--PERSONAL NAME
Personal name Pelé,
Dates associated with a name 1940-
245 00 - TITLE STATEMENT
Title PELÉ : MY LIFE IN PICTURES /
Statement of responsibility, etc. by Pelé,
264 #1 - PRODUCTION, PUBLICATION, DISTRIBUTION, MANUFACTURE, AND COPYRIGHT NOTICE
Place of production, publication, distribution, manufacture London :
Name of producer, publisher, distributor, manufacturer Simon & Schuster,
Date of production, publication, distribution, manufacture, or copyright notice 2008.
300 ## - PHYSICAL DESCRIPTION
Extent 95 pages :
Other physical details colour, illustrations , photographs
Dimensions 28 cm.
336 ## - CONTENT TYPE
Source rdacontent
Content type term text
337 ## - MEDIA TYPE
Source rdamedia
Media type term unmediated
338 ## - CARRIER TYPE
Source rdacarrier
Carrier type term volume
500 ## - GENERAL NOTE
General note Includes credit image.
505 ## - FORMATTED CONTENTS NOTE
Formatted contents note Photographs and memorabilia from football's greatest player.
600 00 - SUBJECT ADDED ENTRY--PERSONAL NAME
Personal name Pelé,
Dates associated with a name 1940-
650 10 - SUBJECT ADDED ENTRY--TOPICAL TERM
Topical term or geographic name entry element Soccer players
Form subdivision Biography
Geographic subdivision Brazil
942 ## - ADDED ENTRY ELEMENTS (KOHA)
Source of classification or shelving scheme Dewey Decimal Classification
Koha item type Book
Holdings
Withdrawn Not for loan Current library Shelving location Date acquired Full call number Barcode Date last seen Koha item type
  Not For Loan Perpustakaan Alor Setar Rujukan Dewasa 11/03/2019 R 796.334092 PEL A01594663 11/03/2019 Book
  Not For Loan Perpustakaan Awam Sungai Petani Rujukan Dewasa 11/03/2019 R 796.334092 PEL A01594664 11/03/2019 Book
  Not For Loan Perpustakaan Langkawi Rujukan Dewasa 11/03/2019 R 796.334092 PEL A01594665 11/03/2019 Book